[Event "Kishinev op"]
[Site "Kishinev"]
[Date "2014.01.19"]
[Round "2"]
[White "Morozov, Nichita"]
[Black "Focsa, Iurie"]
[Result "1-0"]
[WhiteElo "2174"]
[BlackElo "1656"]
[PlyCount "51"]
[EventDate "2014.01.18"]
[EventType "swiss"]
[EventRounds "9"]
[EventCountry "MDA"]
[SourceTitle "EXT 2016"]
[Source "ChessBase"]
[SourceDate "2015.10.08"]
[SourceVersion "1"]
[SourceVersionDate "2015.10.08"]
[SourceQuality "1"]

1. d4 Nf6 2. Nf3 g6 3. g3 Bg7 4. Bg2 d5 5. 0-0 0-0 6. c4 c6 7. cxd5 cxd5 8. Nc3 Nc6 9. Ne5 Qb6 10. Na4 Qc7 11. Bf4 Qa5 12. Nxc6 bxc6 13. a3 Ba6 14. b4 Qb5 15. Re1 Nh5 16. Bg5 f6 17. Be3 e5 18. Rc1 f5 19. dxe5 Bxe5 20. Nc3 Bxc3 21. Rxc3 Nf6 22. Qc1 Bb7 23. Rc5 Qa4 24. Qb2 Rae8 25. Ra5 Qxa5 26. bxa5 1-0

[Event "Kishinev Ghimpu Memorial op"]
[Site "Kishinev"]
[Date "2012.11.10"]
[Round "3"]
[White "Caraion, Andrei"]
[Black "Focsa, Iurie"]
[Result "1-0"]
[WhiteElo "1562"]
[BlackElo "1670"]
[PlyCount "107"]
[EventDate "2012.11.09"]
[EventType "swiss"]
[EventRounds "9"]
[EventCountry "MDA"]
[SourceTitle "EXT 2014"]
[Source "ChessBase"]
[SourceDate "2013.11.20"]
[SourceVersion "1"]
[SourceVersionDate "2013.11.20"]
[SourceQuality "1"]

1. g3 Nf6 2. Bg2 d5 3. d3 Nc6 4. Nf3 g6 5. 0-0 Bg7 6. c3 0-0 7. d4 Bg4 8. Be3 Qd7 9. Qd2 Rfe8 10. Qc2 Bxf3 11. exf3 e5 12. Nd2 Re7 13. Nb3 b6 14. Rad1 Rae8 15. Rd2 a5 16. Rfd1 a4 17. Nc1 Na5 18. dxe5 Rxe5 19. f4 Rh5 20. Bd4 Nc4 21. Re2 c6 22. Bxf6 Bxf6 23. Bf3 Rh6 24. Bg2 Ra8 25. a3 b5 26. Nd3 Qg4 27. Rde1 Nd6 28. Ne5 Bxe5 29. Rxe5 Kg7 30. Qd2 Nc4 31. Qd4 Nxe5 32. Qxe5+ Kg8 33. Qc7 Rc8 34. Qd6 Kg7 35. h3 Qf5 36. Qe7 Qf6 37. Qb7 Qd8 38. Re7 Qf8 39. Bf3 Re8 40. Rc7 Re6 41. Bg4 Rf6 42. Rxc6 Rxc6 43. Qxc6 g5 44. Qxd5 gxf4 45. Qe5+ Rf6 46. gxf4 Qd6 47. Kg2 Qc6+ 48. Kg3 Qc4 49. f3 Qb3 50. Bh5 Qxb2 51. Qg5+ Rg6 52. Bxg6 hxg6 53. Qc5 Qe2 54. Qe5+ 1-0

[Event "Kishinev Ghimpu Memorial op"]
[Site "Kishinev"]
[Date "2012.11.09"]
[Round "2"]
[White "Focsa, Iurie"]
[Black "Pranitchi, Veaceslav"]
[Result "0-1"]
[WhiteElo "1670"]
[BlackElo "1754"]
[PlyCount "54"]
[EventDate "2012.11.09"]
[EventType "swiss"]
[EventRounds "9"]
[EventCountry "MDA"]
[SourceTitle "EXT 2014"]
[Source "ChessBase"]
[SourceDate "2013.11.20"]
[SourceVersion "1"]
[SourceVersionDate "2013.11.20"]
[SourceQuality "1"]

1. d4 d5 2. c4 e6 3. Nc3 Nf6 4. Nf3 Nbd7 5. Bg5 Be7 6. e3 c6 7. Bd3 0-0 8. 0-0 Ng4 9. Bf4 f5 10. cxd5 exd5 11. Qc2 g6 12. h3 Ngf6 13. Ng5 Nb6 14. Nf3 Ne4 15. Qb3 Kh8 16. Bh6 Rg8 17. Bf4 g5 18. Be5+ Bf6 19. Qc2 g4 20. hxg4 Rxg4 21. Bxf6+ Qxf6 22. Ne5 Rg7 23. Ne2 Nd7 24. f4 Nxe5 25. fxe5 Qh4 26. Bxe4 dxe4 27. Nf4 Bd7 0-1